O Marquez de Pombal : (poemeto anti-jesuitico) / (Record no. 150874)
[ view plain ]
| 000 -LEADER | |
|---|---|
| campo de control de longitud fija | 00799nam a2200217 i 4500 |
| 001 - NÚMERO DE CONTROL | |
| campo de control | 150874 |
| 003 - IDENTIFICADOR DE NÚMERO DE CONTROL | |
| campo de control | ES-MaACL |
| 005 - FECHA Y HORA DE LA ÚLTIMA TRANSACCIÓN | |
| campo de control | 20230906203736.0 |
| 007 - CAMPO FIJO DE DESCRIPCIÓN FÍSICA--INFORMACIÓN GENERAL | |
| campo de control de longitud fija | t| |
| 008 - DATOS DE LONGITUD FIJA--INFORMACIÓN GENERAL | |
| campo de control de longitud fija | 071116s1907 po |||| | por d |
| 100 1# - ENTRADA PRINCIPAL--NOMBRE DE PERSONA | |
| Nombre de persona | Ferreira, Joâo Maria. |
| 9 (RLIN) | 50372 |
| 245 12 - MENCIÓN DEL TÍTULO | |
| Título | O Marquez de Pombal : (poemeto anti-jesuitico) / |
| Mención de responsabilidad, etc. | Joâo Maria Ferreira ; prefacio pela illustre e distincta poetisa Angelina Vidal. |
| 260 ## - PUBLICACIÓN, DISTRIBUCIÓN, ETC. | |
| Lugar de publicación, distribución, etc. | Lisboa : |
| Nombre del editor, distribuidor, etc. | Livraria Avellar Machado, |
| Fecha de publicación, distribución, etc. | [1907] |
| 300 ## - DESCRIPCIÓN FÍSICA | |
| Extensión | 26 p. ; |
| Dimensiones | 20 cm. |
| 490 1# - MENCIÓN DE SERIE | |
| Mención de serie | Combatendo ; |
| Designación de volumen o secuencia | 1 |
| 600 14 - PUNTO DE ACCESO ADICIONAL DE MATERIA--NOMBRE DE PERSONA | |
| Nombre de persona | Pombal, Sebastião José de Carvalho e Melo |
| Títulos y otros términos asociados al nombre | Marqués de ( |
| Fechas asociadas al nombre | 1699-1782) |
| 9 (RLIN) | 169601 |
| 700 1# - ENTRADA AGREGADA--NOMBRE PERSONAL | |
| Nombre de persona | Vidal, Angelina. |
| 9 (RLIN) | 114414 |
| 830 0# - PUNTO DE ACCESO ADICIONAL DE SERIE-TÍTULO UNIFORME | |
| Título uniforme | Combatendo ; |
| Designación de volumen o secuencia | 1 |
| 9 (RLIN) | 221176 |
| 852 ## - LOCALIZACIÓN | |
| Ubicación | ES-MaACL |
| Número de control de estantería | 1509-F-12 |
| Nota libre | . - Dedicatoria autógrafa del autor |
| Estatus retirado | Estado de pérdida | Estado de daño | No para préstamo | Colección | Biblioteca de origen | Biblioteca actual | Ubicación en estantería | Fecha de adquisición | Fuente de adquisición | Total de préstamos | Signatura topográfica completa | Código de barras | Visto por última vez | Precio de reemplazo | Tipo de ítem Koha |
|---|---|---|---|---|---|---|---|---|---|---|---|---|---|---|---|
| Colección de folletos | Biblioteca del Ateneo de Madrid | Biblioteca del Ateneo de Madrid | Depósito folletos | 17/01/2008 | 1509-F-12 | 1157432 | 23/02/2023 | 23/02/2023 | Folleto |
